Представление документа в формате MARC21

Поле Инд. ПП Название Значение
Тип записи a
Библиографический уровень m
001 Контрольный номер ef6447a0735c4937b7779aa4032b89df
005 Дата корректировки 20171023094256.1
008 Кодируемые данные 150909|||||||||ru |||||||||||||||||rus||
020 a ISBN 978-5-91670-148-7
041 0_ a Код языка текста rus
084 a Индекс другой классификации/Индекс ББК 78.34
090 a Полочн. индекс 78.34
x Авторский знак О-66
100 1_ a Автор Орлов В. В.
245 10 a Заглавие PR-технологии в управлении имиджем библиотеки
b Продолж. заглавия учеб.-практ. пособие
260 a Место издания Москва
b Издательство Литера
c Дата издания 2015
300 a Объем 192 с.
440 _0 a Серия Серия "Современная библиотека"
650 04 a Основная рубрика Библиотеки-PR-технологии-Учебно-практические пособия
653 0_ a Ключевые слова Библиотеки
a Ключевые слова Имидж библиотеки
a Ключевые слова PR-технологии
a Ключевые слова Пресс-службы
a Ключевые слова Управление библиотекой
901 t Тип документа m
952 c Вид литературы учебное пособие